000 03075nab a2200313 i 4500
003 BR-BrBNA
005 20231211141109.0
008 230613b2022 bl.ar|pooa||| 00| 0 por |
040 _aBR-BrBNA
_bpor
072 _aH20
_b2110
072 _b1190
100 _aSiviero, Amauri
100 _aMacedo, Paulo Eduardo Franca de
100 _aMoreira, Giovanna Teixeira Sandoval
245 _aDoenças em cacaueiro e cupuaçuzeiro no Acre
500 _aPublicação on-line; 7 ref.; 1 table; 1 illus.; Summaries (En, Pt)
520 _a Objetivou-se neste trabalho relatar a ocorrência de doenças do cacaueiro e cupuaçuzeiro no Acre. Foram realizadas 36 expedições de campo em 20 municípios entre 2018 e 2021. Amostras de ramos e frutos suspeitos foram analisadas no Laboratório de Fitopatologia da Embrapa Acre. Foram identificados os fungos: Moniliopthora perniciosa (vassoura-de-bruxa), Phytophthora spp. (podridão-parda), Botryodiplodia theobromae (morte descendente), Colletotrichum spp. (antracnose), Acremonium spp., Fusarium spp., Monalonium annulipes e Phomopsis spp. A vassoura de bruxa, podridão parda e a morte descendente estão amplamente difundidas no Acre. A monilíase causada por Moniliophthora roreri foi relatada pela primeira vez no Brasil, no Acre no município de Cruzeiro do Sul. Palavras-chave: Theobromae cacao, Theobroma grandiflorum, Amazônia, patógenos, Moniliophthora spp.
520 _a Cocoa and Cupuassu diseases in State of Acre, Brazil. The objective of this work was to report the occurrence of cocoa tree and cupuaçu tree diseases in Acre. 36 field expeditions were carried out in 20 municipalities between 2018 and 2021. Samples of suspected branches and fruits were analyzed at the Phytopathology Laboratory of Embrapa Acre. The following fungi were identified: Moniliopthora perniciosa (witches’ broom), Phytophthora spp. (black pod), Botryodiplodia theobromae (die back), Colletotrichum spp. (anthracnose), Acremonium spp., Fusarium spp., Monalonium annulipes, and Phomopsis spp. Witches’ broom, black pod and die back are widespread in Acre. Moniliasis caused by Moniliophthora roreri was reported for the first time in Brazil, in Acre and in the municipality of Cruzeiro do Sul. Key words: Theobromae cacao, Theobroma grandiflorum, Amazon, phytopathogens, Moniliophthora spp.
650 _aTHEOBROMA CACAO
650 _aTHEOBROMA GRANDIFLORUM
650 _aAMAZÔNIA
650 _aPATÓGENO
650 _aFUNGO
773 0 _01823
_925162
_dItabuna-BA Comissão Executiva do Plano de Lavoura Cacaueira 1989
_o2023-435741
_tAgrotrópica (Brazil)
_x0103-3816
_gv. 34(2) p. 159-164; (May-Aug 2022)
_wBR2023000645
856 _uhttps://www.gov.br/agricultura/pt-br/assuntos/ceplac/publicacoes/revista-agrotropica/artigos/2022/01033816.2022v34n2p159164.pdf
856 _uhttps://www.gov.br/agricultura/pt-br/assuntos/ceplac/publicacoes/revista-agrotropica/revista-volumes/2022/REVISTAAGROTRPICA34.22022.pdf
942 _cAnalítica
999 _c9347
_d9347